|
|
|
|
| LEADER |
00742nab a2200205 i 4500 |
| 001 |
misc61303 |
| 005 |
20230215145325.0 |
| 008 |
221215s1987 hu o 0|| eng d |
| 040 |
|
|
|a SZTE Miscellanea Repozitórium
|b hun
|
| 041 |
|
|
|a eng
|
| 100 |
1 |
|
|a Spenden Wim van
|
| 245 |
1 |
0 |
|a Long-distance trade across Central Asia and Himalaya in the first millenium A. D.
|h [elektronikus dokumentum] :
|b gépelt kézirat /
|c Spenden Wim van
|
| 260 |
|
|
|c 1987
|
| 300 |
|
|
|a 30 p.
|c 30 cm
|
| 561 |
|
|
|a Németh Gyula hagyaték
|
| 591 |
|
|
|a NOV 5699
|
| 650 |
|
4 |
|a Bölcsészettudományok
|
| 650 |
|
4 |
|a Történettudomány és régészet
|
| 695 |
|
|
|a Kereskedelem - Közép-Ázsia
|
| 856 |
4 |
0 |
|u http://misc.bibl.u-szeged.hu/61303/1/5699_nov.pdf
|z Dokumentum-elérés
|